000 00701cam a22002413a 4500
001 29654
003 PGUSA
005 20140828083636.0
008 090810s2009||||xxu|||||s|||||000 1 eng d
040 _aPGUSA
_beng
042 _adc
050 4 _aPS
100 1 _aBartlett, Frederick Orin,
_d1876-1945
245 1 4 _aThe Wall Street Girl
_h[electronic resource] /
_cFrederick Orin Bartlett
260 _bProject Gutenberg,
_c2009
506 _aPublic domain in the USA.
516 _aElectronic text
653 _aWall Street (New York, N.Y.) -- Fiction
700 1 _aWolfe, George Ellis
830 0 _aProject Gutenberg
_v29654
856 4 0 _uhttp://www.gutenberg.org/ebooks/29654
942 _cEB
999 _c258909
_d258909